Sans frontières : exercises et textes complementaires /

La obra completa consta de tres a cinco niveles, según la fecha de su publicación. Cada nivel está integrado por un libro del alumno, un cuaderno de ejercicios, un libro del profesor y un grupo de casetes. La obra ha sido publicada sucesivamente como Sans frontières o Le noveau sans frontières. Prop...

Täydet tiedot

Tallennettuna:
Bibliografiset tiedot
Päätekijä: Dominique, Philippe (autor)
Muut tekijät: Plum, Chantal (autor) (autor)
Aineistotyyppi: Kirja
Kieli:ranska
Julkaistu: París, Francia : Clé International, 1989, c1984
Sarja:(Le Français Sans Frontières)
Aiheet:
Tagit: Lisää tagi
Ei tageja, Lisää ensimmäinen tagi!

MARC

LEADER 00000nam^a2200000^a^4500
001 000258834
005 20250521000000.0
009 20260310110344.634
020 |a 2-19-033194-3 
037 |a Acervo Xavier Clavigero 
041 |a FRA 
082 |a 445.  |b SAN LE V. 1 
100 |a Dominique, Philippe  |e (autor) 
240 1 1 |a [Sans frontières] 
240 1 4 |a [Le nouveau sans frontières] 
245 1 0 |a Sans frontières :  |b exercises et textes complementaires /  |c P. Dominique, C. Plum. 
264 4 |a París, Francia :  |b Clé International,  |c 1989, c1984 
300 |a 126 p. 
336 |a texto  |b txt  |2 rdacontenido 
337 |a sin mediación  |b n  |2 rdamedio 
338 |a volumen  |b nc  |2 rdasoporte 
440 3 |a (Le Français Sans Frontières) 
520 |a La obra completa consta de tres a cinco niveles, según la fecha de su publicación. Cada nivel está integrado por un libro del alumno, un cuaderno de ejercicios, un libro del profesor y un grupo de casetes. La obra ha sido publicada sucesivamente como Sans frontières o Le noveau sans frontières. Proporciona la metodología y los elementos indispensables que permiten el aprendizaje y la adquisición del idioma francés. Este volumen es el libro del alumno del 2º curso. 
649 |a XX 
650 |a Guía de Estudio 
650 |a Francés -  |x Estudio y Enseñanza -  |x Tema Principal 
650 |a Francés como Lengua Extranjera -  |x Estudio y Enseñanza 
650 |a Lenguas Extranjeras -  |x Estudio y Enseñanza 
650 |a Lenguas Romances 
650 |a Lenguas Indo-Europeas 
650 |a Lenguas -  |x Estudio y Enseñanza 
650 |a Comunicación Escrita 
650 |a Comunicación Oral 
650 |a Comunicación Verbal 
650 |a Lingüística 
700 |a Plum, Chantal  |e (autor) 
910 |a Fondo General 
920 |a Impresos - Libros 
930 |a Colección General 
905 |a 101 
901 |a 037909  |b IT1  |c ACC  |u 20250521 
902 |a https://opac.biblio.iteso.mx/vufind/Record/000258834